Cost Accounting / (Record no. 38492)

MARC details
000 -LEADER
fixed length control field 00834nam a22002417a 4500
005 - DATE AND TIME OF LATEST TRANSACTION
control field 20100731162352.0
010 ## - LCCN (DPL NO)
LC control number ENG-97239
020 ## - INTERNATIONAL STANDARD BOOK NUMBER
International Standard Book Number 9789380096261
Terms of availability 795.00
035 ## - SYSTEM CONTROL NUMBER
System control number EN-80772
037 ## - SOURCE OF ACQUISITION
Source of stock number/acquisition DBAD/PUB
082 ## - DEWEY DECIMAL CLASSIFICATION NUMBER
Classification number 657.42
245 ## - TITLE STATEMENT
Title Cost Accounting /
Statement of responsibility, etc edited by K B Bhatia [and] Inderjeet Arora
260 ## - PUBLICATION, DISTRIBUTION, ETC. (IMPRINT)
Place of publication, distribution, etc New Delhi
Name of publisher, distributor, etc Alfa Publications
Date of publication, distribution, etc 2009
270 ## - ADDRESS
Address 4398/5 Ansari Road Daryaganj
City New Delhi
Postal code 110002
300 ## - PHYSICAL DESCRIPTION
Extent 299p
Dimensions 21cm (Hb)
500 ## - GENERAL NOTE
General note includes index
650 ## - SUBJECT ADDED ENTRY--TOPICAL TERM
Topical term or geographic name as entry element cost accounting
650 ## - SUBJECT ADDED ENTRY--TOPICAL TERM
Topical term or geographic name as entry element managerial accounting
700 ## - ADDED ENTRY--PERSONAL NAME
Personal name Bhatia,K B
9 (RLIN) 3674
700 ## - ADDED ENTRY--PERSONAL NAME
Personal name Arora,Inderjeet
9 (RLIN) 3675
942 ## - ADDED ENTRY ELEMENTS (KOHA)
Source of classification or shelving scheme Dewey Decimal Classification
Item type English Books
Classification part 657.42
Call number suffix COS
Holdings
Withdrawn status Lost status Not for loan Collection code Home library Current library Date acquired Source of acquisition Cost, normal purchase price Full call number Barcode Copy number Cost, replacement price Koha item type
    Not For Loan Non-fiction D.B.Act.Division D.B.Act.Division 31/07/2010 DBAD/PUB 795.00 657.42 COS EN-80772 1 795.00 English Books

© Delhi Public Library
Hit Counter
free hit counter